Music, Literature, or Film? Europe Edition - Statistics

General Stats
  • This quiz has been taken 1,863 times
  • The average score is 12 of 16
Answer Stats
Question Answer % Correct
Poland - Frédéric Chopin Music
98%
Scotland - Arthur Conan Doyle Literature
95%
Denmark - Hans Christian Andersen Literature
87%
England - Geoffrey Chaucer Literature
86%
Ireland - Samuel Beckett Literature
84%
Belgium - Jean-Claude Van Damme Film
83%
Sweden - Ingmar Bergman Film
82%
Russia - Vladimir Nabokov Literature
81%
Spain - Miguel de Cervantes Literature
80%
Italy - Sergio Leone Film
74%
France - Marcel Proust Literature
74%
Norway - Edvard Grieg Music
70%
Hungary - Bela Lugosi Film
68%
Germany - Werner Herzog Film
54%
Austria - Fritz Lang Film
52%
Netherlands - Armin van Buuren Music
51%
No matching quizzes found
Score Distribution
Percent of People with Each Score
Percentile by Number Answered
Your Score History
You have not taken this quiz